00815nam a2200217Ii 45000010005000000030009000050080041000140400033000550410008000880820015000961100045001112450078001562640061002343000012002953360026003073370028003333380027003619400050003889990017004389520142004559059CO-ViMGA241108s9999||||xx |||||||||||||| ||und|| aCO-ViMGAbspaerdacCO-ViMGA0 aunk04a371.4-C7482 aConferencia Episcopal de Colombia95744910aEducación en la sexualidad:bUna guia para padres de familia y maestros 1a[Lugar de publicación no identificado] : Kimpres, 1995 avolumen atextbtxt2rdacontent aunmediatedbn2rdamedia avolumebnc2rdacarrier aidficha_siabuc: 8858. -- ficha_no_siabuc:9059 c56585d56585 001040708001aMEVIGERRbMEVIGERRcGENd2006-11-27hVol.1o371.4-C748pECA9494r2024-11-26 10:52:29tEj.1w2024-11-26yBKz8858 | 12338